Le carbonate du chaux /

Guardado en:
Autor Principal: Dekek, J.
Formato: Libro
Idioma:French
Publicado: Louvain : Librairie Universitaire, 1966.
Etiquetas: Agregar Etiqueta
Sin Etiquetas, Sea el primero en etiquetar este registro!
LEADER 00408nam a22001455a 4500
001 EUN.um036628
003 AR-BaUNS
005 20050623122909.0
008 041125s1966####xx############000#0#fre#d
245 1 3 |a Le carbonate du chaux /  |c J. Dekek. 
260 |a Louvain :  |b Librairie Universitaire,  |c 1966. 
300 |a 351 p. 
100 1 |a Dekek, J. 
082 0 4 |a 661.2 
859 |a Ar-BaUNS  |b BIB. CENTRAL - Sector C  |h 661.2  |i D36  |p 57270/970